| 000 | 00750cam a22002531 4500 | ||
|---|---|---|---|
| 001 | 11144 | ||
| 003 | BD-RjUL | ||
| 005 | 20211208235058.0 | ||
| 008 | 140126r19521950enkab b 001 0 eng d | ||
| 035 | _a(BD-RjUL)11193 | ||
| 035 | _a(OCoLC)4531416 | ||
| 040 |
_aDLC _cMiRochOU _dUk _dDLC _d(BD-RjUL) _beng |
||
| 041 | _aeng | ||
| 082 | 0 | 0 |
_a571.09 _bDAH |
| 100 | 1 |
_aDaniel, Glyn Edmund. _934475 |
|
| 245 | 1 | 2 |
_aA hundred years of archaeology / _cBy Glyn Edmund. Daniel, |
| 260 |
_aLondon : _bDuckworth & Co, _cc1950 [Reprent 1952] |
||
| 300 |
_a343 p. : _bill. ; _c22 cm. |
||
| 504 | _aBibliography: p. 337-341. | ||
| 650 | 0 |
_aArchaeology _xHistory. _934476 |
|
| 942 |
_2ddc _cBK |
||
| 999 |
_c11144 _d11144 |
||